000 00479nam a2200193Ia 4500
008 151119s9999||||xx |||||||||||||| ||und||
082 _a28.5
082 _bGKKV22539
100 _aALEXANDER PUSHKIN
245 _aTHE FISHERMAN AND THE FOLDFISH
260 _a--
260 _b--
260 _c0
600 _aALEXANDER PUSHKIN
630 _aTHE FISHERMAN AND THE FOLDFISH
700 _aALEXANDER PUSHKIN
730 _aTHE FISHERMAN AND THE FOLDFISH
942 _cBOOK
999 _c1075271
_d1075268